000 00524nam a2200193Ia 4500
005 20250508151431.0
008 008 250505s9999 xx 000 0 eng d
037 _aTextual
040 _aFEDL
_beng
_cFEDL
041 _aeng
_2eng
084 _a150.1332, WES
_qFEDL
100 _aWest Ranyard
_9696479
245 0 _aPsychology and World order
260 _aHarmondsworth
_bPenguin Books
_c1945
300 _a125p
650 _aPsychology
942 _cTEXL
_h150.1332, WES
999 _c1329758
_d1329758